[Event "Blitz 2018"]
[Site "Saint-Petersburg"]
[Date "2018.12.29"]
[Round "4"]
[Board "69"]
[White "Sychev Klementy (RUS)"]
[Black "Sanikidze Tornike (GEO)"]
[Result "1-0"]
[LiveChessVersion "1.4.8"]
[BlackElo "2484"]
[WhiteElo "2594"]

1. e4 {[%clk 0:03:03]} e6 {[%clk 0:03:01]} 2. d4 {[%clk 0:03:02]} d5
{[%clk 0:03:02]} 3. Nd2 {[%clk 0:03:01]} Nf6 {[%clk 0:02:59]} 4. e5
{[%clk 0:03:02]} Nfd7 {[%clk 0:03:00]} 5. Bd3 {[%clk 0:03:03]} c5
{[%clk 0:03:01]} 6. c3 {[%clk 0:03:05]} Nc6 {[%clk 0:03:01]} 7. Ne2
{[%clk 0:03:06]} cxd4 {[%clk 0:03:01]} 8. cxd4 {[%clk 0:03:07]} f6
{[%clk 0:03:02]} 9. exf6 {[%clk 0:03:07]} Nxf6 {[%clk 0:03:01]} 10. Nf3
{[%clk 0:03:07]} Bd6 {[%clk 0:03:02]} 11. O-O {[%clk 0:03:07]} Qc7
{[%clk 0:03:03]} 12. h3 {[%clk 0:03:05]} O-O {[%clk 0:02:59]} 13. Be3
{[%clk 0:03:05]} Bd7 {[%clk 0:02:53]} 14. Rc1 {[%clk 0:03:07]} Rae8
{[%clk 0:02:46]} 15. a3 {[%clk 0:03:05]} Qb8 {[%clk 0:02:40]} 16. Nc3
{[%clk 0:02:47]} Re7 {[%clk 0:01:50]} 17. Re1 {[%clk 0:02:33]} Be8
{[%clk 0:01:48]} 18. Nb5 {[%clk 0:01:36]} Bf4 {[%clk 0:01:42]} 19. Qd2
{[%clk 0:01:29]} Nh5 {[%clk 0:01:42]} 20. b4 {[%clk 0:01:18]} a6 {[%clk 0:00:49]}
21. Nc3 {[%clk 0:01:18]} Bd7 {[%clk 0:00:47]} 22. Bb1 {[%clk 0:01:11]} Be8
{[%clk 0:00:46]} 23. Ng5 {[%clk 0:01:01]} Bxe3 {[%clk 0:00:30]} 24. Qxe3
{[%clk 0:00:56]} Nf6 {[%clk 0:00:30]} 25. Rcd1 {[%clk 0:00:47]} Bd7
{[%clk 0:00:29]} 26. Nf3 {[%clk 0:00:47]} Be8 {[%clk 0:00:26]} 27. Ne5
{[%clk 0:00:45]} Nxe5 {[%clk 0:00:27]} 28. Qxe5 {[%clk 0:00:41]} Qc8
{[%clk 0:00:28]} 29. Rc1 {[%clk 0:00:39]} Qd8 {[%clk 0:00:29]} 30. Rcd1
{[%clk 0:00:26]} Qc8 {[%clk 0:00:30]} 31. Re3 {[%clk 0:00:25]} Qd8
{[%clk 0:00:25]} 32. Ne2 {[%clk 0:00:23]} Nd7 {[%clk 0:00:21]} 33. Qg3
{[%clk 0:00:23]} Ref7 {[%clk 0:00:17]} 34. Rf1 {[%clk 0:00:24]} Qb6
{[%clk 0:00:18]} 35. Qh4 {[%clk 0:00:18]} Nf6 {[%clk 0:00:19]} 36. Bd3
{[%clk 0:00:15]} g6 {[%clk 0:00:20]} 37. Qg3 {[%clk 0:00:13]} Nh5
{[%clk 0:00:21]} 38. Qe5 {[%clk 0:00:15]} Bd7 {[%clk 0:00:21]} 39. Ng3
{[%clk 0:00:14]} Nxg3 {[%clk 0:00:19]} 40. Rxg3 {[%clk 0:00:15]} Rf6
{[%clk 0:00:20]} 41. h4 {[%clk 0:00:14]} Kg7 {[%clk 0:00:20]} 42. h5
{[%clk 0:00:15]} Kf7 {[%clk 0:00:21]} 43. hxg6+ hxg6 {[%clk 0:00:23]} 44. Rh3
{[%clk 0:00:17]} Kg7 {[%clk 0:00:23]} 45. Qe3 {[%clk 0:00:17]} e5
{[%clk 0:00:18]} 46. dxe5 {[%clk 0:00:12]} Rc6 {[%clk 0:00:07]} 47. Qh6+ Kf7 48.
Rf3+ {[%clk 0:00:12]} Bf5 {[%clk 0:00:10]} 49. Bxf5 {[%clk 0:00:13]} Ke7
{[%clk 0:00:09]} 50. Qg5+ {[%clk 0:00:11]} Ke8 {[%clk 0:00:07]} 51. Bd7+
{[%clk 0:00:12]} Kxd7 {[%clk 0:00:07]} 52. Rxf8 {[%clk 0:00:13]} 1-0

[Event "Blitz 2018"]
[Site "Saint-Petersburg"]
[Date "2018.12.29"]
[Round "4"]
[Board "70"]
[White "Hirneise Tobias (GER)"]
[Black "Gasanov Eldar (UKR)"]
[Result "1/2-1/2"]
[LiveChessVersion "1.4.8"]
[BlackElo "2581"]
[WhiteElo "2472"]

1. e4 {[%clk 0:03:03]} e5 {[%clk 0:03:02]} 2. Nf3 {[%clk 0:03:05]} Nc6
{[%clk 0:03:03]} 3. Bb5 {[%clk 0:03:06]} g6 {[%clk 0:03:00]} 4. c3
{[%clk 0:03:06]} a6 {[%clk 0:03:01]} 5. Bc4 {[%clk 0:03:08]} d6 {[%clk 0:02:52]}
6. d4 {[%clk 0:03:09]} Bg7 {[%clk 0:02:39]} 7. Bg5 {[%clk 0:03:10]} Nge7
{[%clk 0:02:28]} 8. dxe5 {[%clk 0:03:10]} dxe5 {[%clk 0:02:26]} 9. Nbd2
{[%clk 0:03:12]} h6 {[%clk 0:02:20]} 10. Be3 {[%clk 0:03:13]} O-O
{[%clk 0:02:16]} 11. Qc2 {[%clk 0:03:13]} b5 {[%clk 0:02:07]} 12. Be2
{[%clk 0:03:10]} Be6 {[%clk 0:02:08]} 13. h3 {[%clk 0:03:11]} Nc8
{[%clk 0:02:06]} 14. Nb3 {[%clk 0:03:03]} Nd6 {[%clk 0:02:04]} 15. Nc5
{[%clk 0:03:05]} Bc8 {[%clk 0:02:00]} 16. a4 {[%clk 0:03:01]} b4 {[%clk 0:01:57]}
17. O-O {[%clk 0:02:57]} Qe7 {[%clk 0:01:59]} 18. cxb4 {[%clk 0:02:49]} Nxb4
{[%clk 0:01:57]} 19. Qd2 {[%clk 0:02:38]} a5 {[%clk 0:01:57]} 20. Bxh6
{[%clk 0:02:39]} Rb8 {[%clk 0:01:41]} 21. Bxg7 {[%clk 0:02:39]} Kxg7
{[%clk 0:01:43]} 22. b3 {[%clk 0:02:26]} f6 {[%clk 0:01:35]} 23. Rac1
{[%clk 0:02:27]} g5 {[%clk 0:01:30]} 24. Nh2 {[%clk 0:02:22]} Nc6
{[%clk 0:01:32]} 25. Nf3 {[%clk 0:01:47]} Rb4 {[%clk 0:01:30]} 26. Qe3
{[%clk 0:01:36]} Rh8 {[%clk 0:01:22]} 27. Rfd1 {[%clk 0:01:05]} g4
{[%clk 0:01:17]} 28. hxg4 {[%clk 0:01:06]} Bxg4 {[%clk 0:01:18]} 29. Na6
{[%clk 0:00:58]} Rxe4 {[%clk 0:01:10]} 30. Qd2 {[%clk 0:00:37]} Nd4
{[%clk 0:00:36]} 31. Nxd4 {[%clk 0:00:18]} Rxd4 {[%clk 0:00:36]} 32. Rxc7
{[%clk 0:00:14]} Qxc7 {[%clk 0:00:34]} 33. Nxc7 {[%clk 0:00:12]} Rxd2
{[%clk 0:00:34]} 34. Rxd2 {[%clk 0:00:14]} Ne4 {[%clk 0:00:32]} 35. Rc2
{[%clk 0:00:14]} Bf5 {[%clk 0:00:26]} 36. Nd5 {[%clk 0:00:11]} Be6
{[%clk 0:00:16]} 37. Rc7+ {[%clk 0:00:05]} Kg6 {[%clk 0:00:14]} 38. Ne3
{[%clk 0:00:04]} Bxb3 {[%clk 0:00:09]} 39. Bd3 f5 40. f3 {[%clk 0:00:06]} Ng3
{[%clk 0:00:10]} 41. Kf2 {[%clk 0:00:08]} Nh1+ {[%clk 0:00:09]} 42. Ke2
{[%clk 0:00:13]} Ng3+ {[%clk 0:00:10]} 43. Kf2 {[%clk 0:00:14]} Rd8
{[%clk 0:00:08]} 44. Rc3 {[%clk 0:00:12]} Bxa4 {[%clk 0:00:05]} 45. Kxg3
{[%clk 0:00:11]} Bd7 {[%clk 0:00:06]} 46. Kf2 {[%clk 0:00:12]} a4
{[%clk 0:00:06]} 47. g4 {[%clk 0:00:13]} Ra8 {[%clk 0:00:07]} 48. Bxf5+
{[%clk 0:00:12]} Bxf5 49. Nxf5 {[%clk 0:00:14]} a3 {[%clk 0:00:10]} 50. Rc1
{[%clk 0:00:15]} a2 {[%clk 0:00:11]} 51. Ra1 {[%clk 0:00:17]} Kg5
{[%clk 0:00:12]} 52. Kg3 {[%clk 0:00:16]} Ra3 {[%clk 0:00:13]} 53. Nd6
{[%clk 0:00:17]} Ra4 {[%clk 0:00:14]} 54. Ne4+ {[%clk 0:00:17]} Kg6 55. Nc3 Ra3
{[%clk 0:00:17]} 56. Ne4 Ra4 57. Kf2 {[%clk 0:00:09]} Ra3 {[%clk 0:00:20]} 58.
Ke2 {[%clk 0:00:10]} Kg7 {[%clk 0:00:19]} 59. Nd2 {[%clk 0:00:09]} Kg6
{[%clk 0:00:20]} 60. Kd1 {[%clk 0:00:10]} Kg5 {[%clk 0:00:19]} 61. Kc2
{[%clk 0:00:11]} Kf4 {[%clk 0:00:17]} 62. Kb2 {[%clk 0:00:09]} Rd3
{[%clk 0:00:19]} 63. Kc2 {[%clk 0:00:08]} Ra3 {[%clk 0:00:19]} 64. Kb2 Rd3 65.
Kc2 {[%clk 0:00:06]} Ra3 {[%clk 0:00:23]} 66. Kb2 {[%clk 0:00:06]} Rd3
{[%clk 0:00:24]} 1/2-1/2

[Event "Blitz 2018"]
[Site "Saint-Petersburg"]
[Date "2018.12.29"]
[Round "4"]
[Board "71"]
[White "Saric Ivan (CRO)"]
[Black "Zablotsky Sergei (RUS)"]
[Result "0-1"]
[LiveChessVersion "1.4.8"]
[BlackElo "2459"]
[WhiteElo "2572"]

1. e4 {[%clk 0:03:03]} d6 {[%clk 0:03:03]} 2. d4 {[%clk 0:03:04]} Nf6
{[%clk 0:03:04]} 3. Nc3 {[%clk 0:03:05]} e5 {[%clk 0:03:04]} 4. Nf3
{[%clk 0:03:06]} Nbd7 {[%clk 0:03:05]} 5. Rg1 {[%clk 0:03:07]} g6
{[%clk 0:02:56]} 6. g4 {[%clk 0:03:05]} Bg7 {[%clk 0:02:53]} 7. dxe5
{[%clk 0:03:03]} dxe5 {[%clk 0:02:50]} 8. Be3 {[%clk 0:03:04]} O-O
{[%clk 0:02:43]} 9. Nd2 {[%clk 0:02:57]} c6 {[%clk 0:02:34]} 10. Be2
{[%clk 0:02:50]} b5 {[%clk 0:02:34]} 11. g5 {[%clk 0:02:51]} Ne8 {[%clk 0:02:35]}
12. a4 {[%clk 0:02:33]} b4 {[%clk 0:02:21]} 13. Na2 {[%clk 0:02:35]} Qe7
{[%clk 0:02:19]} 14. Nc4 {[%clk 0:02:29]} Ba6 {[%clk 0:02:01]} 15. Na5
{[%clk 0:02:25]} Bxe2 {[%clk 0:01:58]} 16. Qxe2 {[%clk 0:02:26]} Rc8
{[%clk 0:01:46]} 17. O-O-O {[%clk 0:02:18]} Nb6 {[%clk 0:01:38]} 18. Qa6
{[%clk 0:01:52]} c5 {[%clk 0:01:35]} 19. b3 {[%clk 0:01:38]} Nd6 {[%clk 0:01:23]}
20. f3 {[%clk 0:01:30]} f6 {[%clk 0:00:53]} 21. Kb1 {[%clk 0:01:28]} fxg5
{[%clk 0:00:52]} 22. Bxg5 {[%clk 0:01:26]} Qc7 {[%clk 0:00:43]} 23. h4
{[%clk 0:01:03]} Rxf3 {[%clk 0:00:40]} 24. h5 {[%clk 0:01:04]} c4
{[%clk 0:00:31]} 25. Nxb4 {[%clk 0:01:01]} cxb3 {[%clk 0:00:31]} 26. cxb3
{[%clk 0:00:54]} Nxe4 {[%clk 0:00:26]} 27. Nbc6 {[%clk 0:00:27]} Nc3+
{[%clk 0:00:16]} 28. Ka1 {[%clk 0:00:20]} Nxd1 {[%clk 0:00:14]} 29. Rxd1
{[%clk 0:00:16]} e4+ {[%clk 0:00:15]} 30. Kb1 {[%clk 0:00:14]} Rxb3+
{[%clk 0:00:11]} 31. Nxb3 {[%clk 0:00:14]} Qxc6 {[%clk 0:00:12]} 32. Rc1
{[%clk 0:00:07]} Qd7 {[%clk 0:00:13]} 33. Rxc8+ {[%clk 0:00:07]} Qxc8
{[%clk 0:00:13]} 34. Qe2 {[%clk 0:00:04]} Qc3 {[%clk 0:00:11]} 35. Qa2
{[%clk 0:00:00]} Nc4 {[%clk 0:00:11]} 36. Nc1 {[%clk 0:00:00]} Kh8
{[%clk 0:00:11]} 37. hxg6 {[%clk 0:00:00]} Na3+ 0-1

[Event "Blitz 2018"]
[Site "Saint-Petersburg"]
[Date "2018.12.29"]
[Round "4"]
[Board "72"]
[White "Teske Henrik (GER)"]
[Black "Borisenko Viacheslav (UKR)"]
[Result "0-1"]
[LiveChessVersion "1.4.8"]
[BlackElo "2444"]
[WhiteElo "2565"]

1. e4 {[%clk 0:03:02]} g6 {[%clk 0:03:03]} 2. d4 {[%clk 0:03:02]} Bg7
{[%clk 0:03:04]} 3. Nc3 {[%clk 0:03:02]} c6 {[%clk 0:03:06]} 4. Nf3
{[%clk 0:02:53]} d5 {[%clk 0:03:07]} 5. Be2 {[%clk 0:02:41]} Bg4 {[%clk 0:03:02]}
6. Be3 {[%clk 0:02:32]} e6 {[%clk 0:02:59]} 7. Qd2 {[%clk 0:02:20]} Nd7
{[%clk 0:02:50]} 8. O-O-O {[%clk 0:02:17]} h6 {[%clk 0:02:44]} 9. Kb1
{[%clk 0:02:09]} Ne7 {[%clk 0:02:44]} 10. h3 {[%clk 0:02:01]} Bxf3
{[%clk 0:02:45]} 11. gxf3 {[%clk 0:01:58]} b5 {[%clk 0:02:39]} 12. h4
{[%clk 0:01:53]} h5 {[%clk 0:02:26]} 13. Bd3 {[%clk 0:01:51]} Nb6
{[%clk 0:02:23]} 14. b3 {[%clk 0:01:41]} a5 {[%clk 0:02:19]} 15. f4
{[%clk 0:00:58]} dxe4 {[%clk 0:02:18]} 16. Nxe4 {[%clk 0:00:56]} a4
{[%clk 0:02:08]} 17. Be2 {[%clk 0:00:43]} axb3 {[%clk 0:02:01]} 18. axb3
{[%clk 0:00:41]} Nbd5 {[%clk 0:01:46]} 19. Kb2 {[%clk 0:00:38]} Nf5
{[%clk 0:01:36]} 20. Ng3 {[%clk 0:00:36]} Nd6 {[%clk 0:01:31]} 21. f5
{[%clk 0:00:28]} gxf5 {[%clk 0:01:28]} 22. Nxh5 {[%clk 0:00:27]} Rxh5
{[%clk 0:01:29]} 23. Bxh5 {[%clk 0:00:28]} Qb6 {[%clk 0:01:26]} 24. Bf3
{[%clk 0:00:27]} Nc4+ {[%clk 0:01:25]} 25. Kc1 {[%clk 0:00:11]} Ra1# 0-1

[Event "Blitz 2018"]
[Site "Saint-Petersburg"]
[Date "2018.12.29"]
[Round "4"]
[Board "73"]
[White "Gabrielian Artur (RUS)"]
[Black "Yakubboev Nodirbek (UZB)"]
[Result "0-1"]
[LiveChessVersion "1.4.8"]
[BlackElo "2388"]
[WhiteElo "2562"]

1. e4 {[%clk 0:03:03]} e5 {[%clk 0:03:03]} 2. Nf3 {[%clk 0:03:04]} Nc6
{[%clk 0:03:05]} 3. Bc4 {[%clk 0:03:05]} Bc5 {[%clk 0:03:06]} 4. d3
{[%clk 0:03:05]} Nf6 {[%clk 0:03:06]} 5. Bg5 {[%clk 0:03:06]} h6 {[%clk 0:03:05]}
6. Bh4 {[%clk 0:03:07]} d6 {[%clk 0:03:04]} 7. c3 {[%clk 0:03:07]} a6
{[%clk 0:02:47]} 8. a4 {[%clk 0:03:07]} Ba7 {[%clk 0:02:47]} 9. O-O
{[%clk 0:03:03]} g5 {[%clk 0:02:40]} 10. Bg3 {[%clk 0:03:04]} Nh7
{[%clk 0:02:40]} 11. Nbd2 {[%clk 0:02:50]} Nf8 {[%clk 0:02:32]} 12. b4
{[%clk 0:02:44]} Qf6 {[%clk 0:02:17]} 13. b5 {[%clk 0:02:43]} Ne7
{[%clk 0:02:18]} 14. d4 {[%clk 0:02:37]} Nfg6 {[%clk 0:02:14]} 15. dxe5
{[%clk 0:01:41]} dxe5 {[%clk 0:02:12]} 16. Bb3 {[%clk 0:01:41]} g4
{[%clk 0:02:06]} 17. b6 {[%clk 0:00:24]} Bxb6 {[%clk 0:02:00]} 18. Nxe5
{[%clk 0:00:21]} Nxe5 {[%clk 0:02:00]} 19. Bxe5 {[%clk 0:00:22]} Qxe5
{[%clk 0:02:01]} 20. Nc4 {[%clk 0:00:23]} Qc5 {[%clk 0:01:50]} 21. a5
{[%clk 0:00:17]} Ba7 {[%clk 0:01:27]} 22. Ba4+ {[%clk 0:00:16]} Nc6
{[%clk 0:01:26]} 23. Ne3 {[%clk 0:00:10]} Be6 {[%clk 0:01:20]} 24. Nxg4
{[%clk 0:00:11]} Qg5 {[%clk 0:01:09]} 25. h3 {[%clk 0:00:06]} h5 {[%clk 0:00:50]}
26. Nh2 {[%clk 0:00:06]} Bxh3 {[%clk 0:00:45]} 27. Qf3 {[%clk 0:00:08]} Bg4
{[%clk 0:00:42]} 28. Qd3 {[%clk 0:00:09]} Rg8 {[%clk 0:00:36]} 29. g3
{[%clk 0:00:10]} Be2 {[%clk 0:00:30]} 0-1

[Event "Blitz 2018"]
[Site "Saint-Petersburg"]
[Date "2018.12.29"]
[Round "4"]
[Board "74"]
[White "Petrov Nikita (RUS)"]
[Black "Moiseenko Vadim (RUS)"]
[Result "1/2-1/2"]
[LiveChessVersion "1.4.8"]
[BlackElo "2560"]
[WhiteElo "2468"]

1. e4 {[%clk 0:03:02]} e5 {[%clk 0:03:03]} 2. Bc4 {[%clk 0:03:03]} Nf6
{[%clk 0:03:04]} 3. d3 {[%clk 0:03:04]} c6 {[%clk 0:03:05]} 4. Nf3
{[%clk 0:03:05]} d5 {[%clk 0:03:06]} 5. Bb3 {[%clk 0:03:06]} a5 {[%clk 0:03:08]}
6. a4 {[%clk 0:02:55]} Bd6 7. Nc3 {[%clk 0:02:54]} d4 {[%clk 0:02:51]} 8. Ne2
{[%clk 0:02:54]} O-O {[%clk 0:02:48]} 9. O-O {[%clk 0:02:27]} Na6
{[%clk 0:02:42]} 10. c3 {[%clk 0:02:26]} dxc3 11. bxc3 {[%clk 0:02:27]} Nc5
{[%clk 0:02:39]} 12. Bc4 Be6 {[%clk 0:02:34]} 13. Bxe6 {[%clk 0:02:27]} Nxe6 14.
Ng3 {[%clk 0:02:26]} Qc7 {[%clk 0:02:23]} 15. Nf5 {[%clk 0:02:26]} Rfd8
{[%clk 0:02:25]} 16. Qe2 {[%clk 0:02:13]} Bf8 {[%clk 0:02:07]} 17. Ng5
{[%clk 0:01:49]} Nc5 {[%clk 0:02:03]} 18. Rd1 {[%clk 0:01:41]} b5 19. axb5
{[%clk 0:01:42]} cxb5 {[%clk 0:02:04]} 20. Rb1 {[%clk 0:01:32]} Na4 21. Bd2 Nxc3
{[%clk 0:01:46]} 22. Bxc3 {[%clk 0:01:33]} Qxc3 {[%clk 0:01:48]} 23. Rxb5
{[%clk 0:01:35]} a4 {[%clk 0:01:49]} 24. Rb7 {[%clk 0:01:35]} Rd7
{[%clk 0:01:28]} 25. Rxd7 {[%clk 0:01:36]} Nxd7 {[%clk 0:01:29]} 26. Qh5
{[%clk 0:01:36]} Nf6 {[%clk 0:01:06]} 27. Qxf7+ {[%clk 0:01:02]} Kh8 28. Nh6 gxh6
{[%clk 0:00:37]} 29. Qxf6+ {[%clk 0:01:02]} Bg7 30. Nf7+ {[%clk 0:01:02]} Kg8
{[%clk 0:00:37]} 31. Qe6 {[%clk 0:01:03]} Qb3 {[%clk 0:00:35]} 32. Nxh6+
{[%clk 0:01:01]} Kh8 {[%clk 0:00:37]} 33. Nf7+ {[%clk 0:00:34]} Kg8
{[%clk 0:00:38]} 34. Ng5+ 1/2-1/2

[Event "Blitz 2018"]
[Site "Saint-Petersburg"]
[Date "2018.12.29"]
[Round "4"]
[Board "75"]
[White "Iljiushenok Ilia (RUS)"]
[Black "Frolyanov Dmitry (RUS)"]
[Result "1/2-1/2"]
[LiveChessVersion "1.4.8"]
[BlackElo "2557"]
[WhiteElo "2467"]

1. e4 {[%clk 0:03:03]} e5 {[%clk 0:03:03]} 2. Nf3 {[%clk 0:03:04]} Nf6
{[%clk 0:03:04]} 3. d3 {[%clk 0:03:02]} Nc6 {[%clk 0:03:04]} 4. g3
{[%clk 0:03:01]} d5 {[%clk 0:03:02]} 5. exd5 {[%clk 0:03:02]} Nxd5
{[%clk 0:03:02]} 6. Bg2 {[%clk 0:03:03]} g6 {[%clk 0:02:56]} 7. O-O
{[%clk 0:03:03]} Bg7 {[%clk 0:02:57]} 8. Re1 {[%clk 0:02:56]} O-O
{[%clk 0:02:57]} 9. Nbd2 {[%clk 0:02:57]} Re8 {[%clk 0:02:54]} 10. Nc4
{[%clk 0:02:56]} h6 {[%clk 0:02:50]} 11. c3 {[%clk 0:02:41]} Bf5 {[%clk 0:02:43]}
12. Nh4 {[%clk 0:02:40]} Be6 {[%clk 0:02:34]} 13. Nf3 {[%clk 0:02:41]} Bf5
{[%clk 0:02:32]} 14. Nh4 {[%clk 0:02:41]} Be6 {[%clk 0:02:23]} 15. Nf3
{[%clk 0:02:42]} Bf5 {[%clk 0:02:10]} 16. Nh4 {[%clk 0:02:43]} Be6
{[%clk 0:02:08]} 17. Nf3 {[%clk 0:01:53]} Bf5 {[%clk 0:02:05]} 1/2-1/2

[Event "Blitz 2018"]
[Site "Saint-Petersburg"]
[Date "2018.12.29"]
[Round "4"]
[Board "76"]
[White "Shinkevich Vitaly (RUS)"]
[Black "Kazhgaleyev Murtas (KAZ)"]
[Result "0-1"]
[LiveChessVersion "1.4.8"]
[BlackElo "2553"]
[WhiteElo "2445"]

1. d4 {[%clk 0:03:02]} Nf6 {[%clk 0:03:02]} 2. Nf3 {[%clk 0:03:03]} g6
{[%clk 0:03:03]} 3. c4 {[%clk 0:03:04]} Bg7 {[%clk 0:03:04]} 4. g3
{[%clk 0:03:05]} O-O {[%clk 0:03:04]} 5. Bg2 {[%clk 0:03:06]} d6 {[%clk 0:03:05]}
6. Nc3 {[%clk 0:03:07]} Nc6 {[%clk 0:03:05]} 7. O-O {[%clk 0:03:08]} Bf5
{[%clk 0:03:06]} 8. Ne1 {[%clk 0:03:08]} e5 {[%clk 0:03:05]} 9. d5
{[%clk 0:03:04]} Ne7 {[%clk 0:03:05]} 10. e4 {[%clk 0:03:05]} Bd7
{[%clk 0:03:06]} 11. Nd3 {[%clk 0:03:05]} Ne8 {[%clk 0:02:59]} 12. f4
{[%clk 0:03:05]} exf4 {[%clk 0:02:52]} 13. Bxf4 {[%clk 0:03:04]} c6
{[%clk 0:02:45]} 14. Qd2 {[%clk 0:03:03]} b5 {[%clk 0:02:36]} 15. dxc6
{[%clk 0:02:46]} Nxc6 {[%clk 0:02:34]} 16. cxb5 {[%clk 0:02:34]} Nd4
{[%clk 0:02:35]} 17. e5 {[%clk 0:02:32]} Rc8 {[%clk 0:02:14]} 18. exd6
{[%clk 0:02:27]} Nxb5 {[%clk 0:02:14]} 19. Nd5 Nbxd6 {[%clk 0:02:03]} 20. Rad1
{[%clk 0:01:51]} Be6 {[%clk 0:02:00]} 21. Ne5 {[%clk 0:01:26]} f6
{[%clk 0:01:42]} 22. Nf3 {[%clk 0:00:53]} Nc4 {[%clk 0:01:39]} 23. Qd3
{[%clk 0:00:37]} Nxb2 {[%clk 0:01:36]} 24. Qe2 {[%clk 0:00:37]} Bxd5
{[%clk 0:01:32]} 25. Qxb2 {[%clk 0:00:38]} f5 {[%clk 0:01:26]} 26. Be5
{[%clk 0:00:37]} Qa5 {[%clk 0:01:12]} 27. Bxg7 {[%clk 0:00:24]} Nxg7
{[%clk 0:01:12]} 28. Kh1 {[%clk 0:00:22]} Rfd8 {[%clk 0:01:06]} 29. Qf6
{[%clk 0:00:18]} Qb6 {[%clk 0:00:58]} 30. Qh4 {[%clk 0:00:11]} Bxf3
{[%clk 0:01:01]} 31. Bxf3 {[%clk 0:00:12]} Kh8 {[%clk 0:01:00]} 32. Qe7
{[%clk 0:00:09]} Rxd1 {[%clk 0:00:58]} 33. Rxd1 {[%clk 0:00:11]} Re8
{[%clk 0:00:58]} 34. Qf7 {[%clk 0:00:10]} Qe3 {[%clk 0:00:50]} 35. Bg2
{[%clk 0:00:07]} Qe7 {[%clk 0:00:47]} 36. Qxe7 {[%clk 0:00:06]} Rxe7
{[%clk 0:00:48]} 37. Kg1 {[%clk 0:00:07]} Nh5 {[%clk 0:00:47]} 38. Kf2
{[%clk 0:00:07]} Nf6 {[%clk 0:00:48]} 39. Bc6 {[%clk 0:00:05]} Ng4+
{[%clk 0:00:49]} 40. Kg1 {[%clk 0:00:05]} Kg7 {[%clk 0:00:47]} 41. h3
{[%clk 0:00:06]} Ne5 {[%clk 0:00:48]} 42. Bb5 {[%clk 0:00:05]} Nf3+
{[%clk 0:00:48]} 43. Kf2 {[%clk 0:00:06]} Ng5 {[%clk 0:00:49]} 44. h4
{[%clk 0:00:07]} Ne4+ {[%clk 0:00:50]} 45. Kg2 {[%clk 0:00:05]} Nc3
{[%clk 0:00:51]} 46. Rd7 {[%clk 0:00:05]} Rxd7 {[%clk 0:00:51]} 47. Bxd7
{[%clk 0:00:06]} Nxa2 {[%clk 0:00:52]} 0-1

[Event "Blitz 2018"]
[Site "Saint-Petersburg"]
[Date "2018.12.29"]
[Round "4"]
[Board "77"]
[White "Al-Sayed Mohammed (QAT)"]
[Black "Sharma Dinesh K. (IND)"]
[Result "0-1"]
[LiveChessVersion "1.4.8"]
[BlackElo "2383"]
[WhiteElo "2547"]

1. d4 {[%clk 0:03:02]} d5 {[%clk 0:03:03]} 2. Bf4 {[%clk 0:03:03]} Nf6
{[%clk 0:03:04]} 3. e3 {[%clk 0:03:04]} c5 {[%clk 0:03:04]} 4. c3
{[%clk 0:03:04]} Nc6 {[%clk 0:02:57]} 5. Nd2 {[%clk 0:03:01]} cxd4
{[%clk 0:02:57]} 6. exd4 {[%clk 0:03:02]} Bf5 {[%clk 0:02:57]} 7. Ngf3
{[%clk 0:02:57]} e6 {[%clk 0:02:58]} 8. Bb5 {[%clk 0:02:51]} Be7 {[%clk 0:02:42]}
9. Ne5 {[%clk 0:02:20]} Qb6 {[%clk 0:02:43]} 10. Qb3 {[%clk 0:02:20]} Rc8
{[%clk 0:02:33]} 11. O-O {[%clk 0:02:15]} O-O {[%clk 0:02:32]} 12. Rfe1
{[%clk 0:01:59]} h6 {[%clk 0:02:30]} 13. h3 {[%clk 0:01:56]} Na5 {[%clk 0:01:49]}
14. Qa4 {[%clk 0:01:57]} a6 {[%clk 0:01:48]} 15. Bf1 {[%clk 0:01:52]} Nc6
{[%clk 0:01:43]} 16. Qb3 {[%clk 0:01:50]} Qa7 {[%clk 0:01:43]} 17. Ndf3
{[%clk 0:01:39]} Rfe8 {[%clk 0:01:39]} 18. Rad1 {[%clk 0:01:21]} Ne4
{[%clk 0:01:37]} 19. Bd3 {[%clk 0:01:04]} Nxe5 {[%clk 0:00:54]} 20. Nxe5
{[%clk 0:01:03]} Nd6 {[%clk 0:00:52]} 21. Bxf5 {[%clk 0:00:52]} Nxf5
{[%clk 0:00:52]} 22. Rd3 {[%clk 0:00:51]} Bd6 {[%clk 0:00:41]} 23. Rf3
{[%clk 0:00:33]} b5 {[%clk 0:00:38]} 24. Nd3 {[%clk 0:00:26]} Qc7
{[%clk 0:00:36]} 25. Bxd6 {[%clk 0:00:26]} Nxd6 {[%clk 0:00:35]} 26. Nc5
{[%clk 0:00:26]} Qc6 {[%clk 0:00:35]} 27. Qd1 {[%clk 0:00:18]} Nc4
{[%clk 0:00:33]} 28. b3 {[%clk 0:00:16]} Nd6 {[%clk 0:00:32]} 29. Qd3
{[%clk 0:00:12]} e5 {[%clk 0:00:20]} 30. Rxe5 {[%clk 0:00:13]} Rxe5
{[%clk 0:00:18]} 31. dxe5 {[%clk 0:00:14]} Qxc5 {[%clk 0:00:14]} 32. exd6
{[%clk 0:00:15]} Qxd6 {[%clk 0:00:15]} 33. Rxf7 {[%clk 0:00:11]} Re8
{[%clk 0:00:06]} 34. Rxg7+ Kxg7 {[%clk 0:00:06]} 0-1

[Event "Blitz 2018"]
[Site "Saint-Petersburg"]
[Date "2018.12.29"]
[Round "4"]
[Board "78"]
[White "Baron Tal (ISR)"]
[Black "Levin Evgeny A. (RUS)"]
[Result "1/2-1/2"]
[LiveChessVersion "1.4.8"]
[BlackElo "2539"]
[WhiteElo "2421"]

1. Nf3 {[%clk 0:03:03]} Nf6 {[%clk 0:03:03]} 2. d4 {[%clk 0:03:05]} e6
{[%clk 0:03:00]} 3. Bf4 {[%clk 0:03:05]} b6 {[%clk 0:03:01]} 4. e3
{[%clk 0:03:06]} Bb7 {[%clk 0:03:02]} 5. Nbd2 {[%clk 0:03:06]} g6
{[%clk 0:03:01]} 6. Bd3 {[%clk 0:03:05]} Bg7 {[%clk 0:02:59]} 7. h3
{[%clk 0:03:05]} d6 {[%clk 0:03:00]} 8. c3 {[%clk 0:03:04]} Nbd7 {[%clk 0:03:01]}
9. Qe2 {[%clk 0:03:04]} Qe7 {[%clk 0:02:36]} 10. Bh2 {[%clk 0:03:04]} a6
{[%clk 0:02:36]} 11. a4 {[%clk 0:03:05]} O-O {[%clk 0:02:36]} 12. O-O
{[%clk 0:03:04]} e5 {[%clk 0:02:36]} 13. e4 {[%clk 0:02:56]} Nh5 {[%clk 0:02:28]}
14. Rfe1 1/2-1/2

[Event "Blitz 2018"]
[Site "Saint-Petersburg"]
[Date "2018.12.29"]
[Round "4"]
[Board "79"]
[White "Maslak Konstantin (RUS)"]
[Black "Ovchinnikov Vsevolod (RUS)"]
[Result "1-0"]
[LiveChessVersion "1.4.8"]
[BlackElo "2375"]
[WhiteElo "2537"]

1. e4 {[%clk 0:03:02]} e6 {[%clk 0:03:03]} 2. d4 {[%clk 0:03:03]} d5
{[%clk 0:03:05]} 3. Nc3 {[%clk 0:03:04]} Bb4 {[%clk 0:03:06]} 4. e5
{[%clk 0:03:05]} c5 {[%clk 0:03:06]} 5. Bd2 {[%clk 0:03:06]} Ne7 {[%clk 0:03:05]}
6. dxc5 {[%clk 0:03:07]} Nbc6 {[%clk 0:02:47]} 7. Qg4 {[%clk 0:03:07]} O-O
{[%clk 0:02:44]} 8. Nf3 {[%clk 0:03:06]} f5 {[%clk 0:02:29]} 9. exf6
{[%clk 0:02:58]} Rxf6 {[%clk 0:02:29]} 10. O-O-O {[%clk 0:02:15]} e5
{[%clk 0:02:23]} 11. Qh5 {[%clk 0:02:05]} Bxc3 {[%clk 0:01:03]} 12. Bxc3
{[%clk 0:01:58]} Rf5 {[%clk 0:01:04]} 13. Ng5 {[%clk 0:01:15]} h6
{[%clk 0:00:58]} 14. h4 {[%clk 0:01:09]} Bd7 {[%clk 0:00:32]} 15. Bd3
{[%clk 0:00:57]} e4 {[%clk 0:00:26]} 16. Be2 {[%clk 0:00:46]} Qe8
{[%clk 0:00:17]} 17. Qxe8+ {[%clk 0:00:30]} Rxe8 {[%clk 0:00:16]} 18. Nxe4
{[%clk 0:00:15]} Ref8 {[%clk 0:00:09]} 19. f3 {[%clk 0:00:12]} dxe4
{[%clk 0:00:07]} 20. Rxd7 {[%clk 0:00:13]} exf3 {[%clk 0:00:06]} 21. Bxf3
{[%clk 0:00:12]} R8f7 {[%clk 0:00:04]} 22. Rhd1 {[%clk 0:00:11]} Rxc5
{[%clk 0:00:04]} 23. Rc7 {[%clk 0:00:09]} Rcf5 {[%clk 0:00:03]} 24. Rdd7
{[%clk 0:00:08]} a6 {[%clk 0:00:00]} 1-0